Vista normal
Vista MARC
Entrada Topical Term
Número de registros utilizados en: 1
001 - CONTROL NUMBER
- control field: 19525
003 - CONTROL NUMBER IDENTIFIER
- control field: OSt
005 - DATE AND TIME OF LATEST TRANSACTION
- control field: 20230915230732.0
008 - FIXED-LENGTH DATA ELEMENTS
- fixed length control field: 230915|| aca||aabn | a|a d
040 ## - CATALOGING SOURCE
- Original cataloging agency: OSt
- Transcribing agency: OSt
150 ## - HEADING--TOPICAL TERM
- Topical term or geographic name entry element: ESTADOS UNIDOS - CONSTITUCION
670 ## - SOURCE DATA FOUND
- Source citation: Work cat.: (OSt)24076: Adler, Mortimer J. 19524, Nosotros creemos en estas verdades.la comprension de las ideas e ideales de la Constitucion de los E.U., 1987